000 00519nam a2200181Ia 4500
008 140925s9999 xx 000 0 und d
020 _a1796-2021
100 _aMakki, Kia.
245 _aJournal of Communications
_cKia Makki.
_h[electronic resource]
260 _bAcademy Publisher,
_cc2013.
516 _aElectronic text
650 _aJournals.
650 _aMass Communication.
830 _aAcademy Publisher
856 _uhttp://www.academypublisher.com/jcm/
942 _cEJ
999 _c275611
_d275611